Handwriting book : (Record no. 113148)
[ view plain ]
| 000 -LEADER | |
|---|---|
| fixed length control field | 00591nam a2200217 a 4500 |
| 001 - CONTROL NUMBER | |
| control field | 0125 |
| 005 - DATE AND TIME OF LATEST TRANSACTION | |
| control field | 20140414132004.0 |
| 008 - FIXED-LENGTH DATA ELEMENTS--GENERAL INFORMATION | |
| fixed length control field | 040802s19uu xx 00 eng d |
| 020 ## - INTERNATIONAL STANDARD BOOK NUMBER | |
| International Standard Book Number | 0-88309-410-X |
| 050 ## - LIBRARY OF CONGRESS CALL NUMBER | |
| Classification number | TR 372.634 |
| Item number | Ha233 1989 |
| 245 ## - TITLE STATEMENT | |
| Title | Handwriting book : |
| Remainder of title | basic skills and application. |
| 250 ## - EDITION STATEMENT | |
| Edition statement | Teacher's Edition (Spring) |
| 260 ## - PUBLICATION, DISTRIBUTION, ETC. (IMPRINT) | |
| Place of publication, distribution, etc | Columbus, Ohio : |
| Name of publisher, distributor, etc | Zaner-Bloser, |
| Date of publication, distribution, etc | 1987. |
| 300 ## - PHYSICAL DESCRIPTION | |
| Extent | 96 p. : ill. ; cm. |
| 520 ## - SUMMARY, ETC. | |
| Summary, etc | Binder section |
| 650 ## - SUBJECT ADDED ENTRY--TOPICAL TERM | |
| Topical term or geographic name as entry element | Penmanship |
| General subdivision | Study and teaching. |
| Withdrawn status | Lost status | Damaged status | Use restrictions | Home library | Current library | Shelving location | Date acquired | Source of acquisition | Total Checkouts | Full call number | Barcode | Date last seen | Price effective from | Koha item type |
|---|---|---|---|---|---|---|---|---|---|---|---|---|---|---|
| Munich Library | Munich Library | Teachers Reference Section | 06/03/2005 | TR 372.634 Ha233 1989 | M4647 | 04/14/2014 | 04/14/2014 | Books | ||||||
| Munich Library | Munich Library | Teachers Reference Section | 06/03/2005 | TR 372.634 Ha233 1989 | M4645 | 04/14/2014 | 04/14/2014 | Books | ||||||
| Munich Library | Munich Library | Teachers Reference Section | 02/22/2011 | TR 372.634 Ha233 1989 | M4644 | 04/14/2014 | 04/14/2014 | Books | ||||||
| Munich Library | Munich Library | Teachers Reference Section | 02/22/2011 | TR 372.634 Ha233 1989 | M4651 | 04/14/2014 | 04/14/2014 | Books |